Music Quiz

Random Music Quiz

Slipknot Facts Quiz Stats

 Plays Quiz not verified by Sporcle

Score 0/6 Timer 12:00
1 Play Today
Hint Fact % Correct
What is the lead singer's name????
98.8%
Where is the band from????
97.8%
Does Corey Taylor's mask have 2 sides????
89.4%
How many members are there????
53.4%
What is The Grey Chapter about? (Album)???
51.9%
How many parts does Vermillion have????
50%

You're not logged in!

Compare scores with friends on all Sporcle quizzes.
OR
Log In

Show Comments

Extras

Created Aug 26, 2015ReportNominate
Tags:slipknot

Top Quizzes Today


Score Distribution

Your Account Isn't Verified!

In order to create a playlist on Sporcle, you need to verify the email address you used during registration. Go to your Sporcle Settings to finish the process.

Report this User

Report this user for behavior that violates our Community Guidelines.

Details: